00513nam a2200169Ia 4500008004100000082001800041100002600059245003900085250000800124260002900132300001300161500002400174650001500198942000700213952010600220999001700326230524s9999 xx 000 0 und d a621.3821bKUM aD.Vijaya Kumar914401 0aPower System Operation and Control a1ST aNEW DELHIbScitechc2004 aXIII;212 aQuantity Number: 1 aElectrical cBK 00104070aTATCLbTATCLcGENd2023-05-24l0o621.3821 KUMp600r2023-05-24w2023-05-24yBKzPCEE4402 c20396d20396